<?xml version="1.0" encoding="UTF-8"?>
<record
    xmlns:xsi="http://www.w3.org/2001/XMLSchema-instance"
    xsi:schemaLocation="http://www.loc.gov/MARC21/slim http://www.loc.gov/standards/marcxml/schema/MARC21slim.xsd"
    xmlns="http://www.loc.gov/MARC21/slim">

  <leader>00504    a2200145   4500</leader>
  <controlfield tag="005">20250609093040.0</controlfield>
  <datafield tag="020" ind1=" " ind2=" ">
    <subfield code="a">0-7614-7430-7</subfield>
  </datafield>
  <datafield tag="082" ind1=" " ind2=" ">
    <subfield code="a">REF 338.003 BUS</subfield>
  </datafield>
  <datafield tag="245" ind1=" " ind2=" ">
    <subfield code="a">Business and Industry</subfield>
  </datafield>
  <datafield tag="260" ind1=" " ind2=" ">
    <subfield code="a">New York,</subfield>
    <subfield code="b">Marshall Cavendish</subfield>
    <subfield code="c">2004.</subfield>
  </datafield>
  <datafield tag="300" ind1=" " ind2=" ">
    <subfield code="a">1440p.: ill.; picture, table.</subfield>
    <subfield code="b">Bibliographical references, Glossary, index.</subfield>
    <subfield code="c">29cm.</subfield>
  </datafield>
  <datafield tag="700" ind1=" " ind2=" ">
    <subfield code="a">CHILDS, W. R, MARTIN, S. B. &amp; GOHDES, W. S.</subfield>
  </datafield>
  <datafield tag="856" ind1=" " ind2=" ">
    <subfield code="y">Access online book</subfield>
    <subfield code="f">Business and Industry</subfield>
    <subfield code="d">www.marshallcavendish.com</subfield>
  </datafield>
  <datafield tag="942" ind1=" " ind2=" ">
    <subfield code="2">ddc</subfield>
    <subfield code="c">BKS</subfield>
  </datafield>
  <datafield tag="999" ind1=" " ind2=" ">
    <subfield code="c">3485</subfield>
    <subfield code="d">3485</subfield>
  </datafield>
  <datafield tag="952" ind1=" " ind2=" ">
    <subfield code="r">2025-06-09 09:35:52</subfield>
    <subfield code="l">0</subfield>
    <subfield code="o">REF 338.003 BUS</subfield>
    <subfield code="p">00000011650</subfield>
    <subfield code="v">81816.00</subfield>
    <subfield code="w">2025-06-09</subfield>
    <subfield code="y">BKS</subfield>
    <subfield code="1">0</subfield>
    <subfield code="2">ddc</subfield>
    <subfield code="4">0</subfield>
    <subfield code="7">0</subfield>
    <subfield code="0">0</subfield>
    <subfield code="a">CBEML</subfield>
    <subfield code="b">CBEML</subfield>
    <subfield code="c">REF</subfield>
    <subfield code="d">2010-05-28</subfield>
    <subfield code="g">27272.00</subfield>
  </datafield>
  <datafield tag="952" ind1=" " ind2=" ">
    <subfield code="r">2025-06-09 09:35:52</subfield>
    <subfield code="l">0</subfield>
    <subfield code="o">REF 338.003 BUS</subfield>
    <subfield code="p">00000011651</subfield>
    <subfield code="v">81816.00</subfield>
    <subfield code="w">2025-06-09</subfield>
    <subfield code="y">BKS</subfield>
    <subfield code="1">0</subfield>
    <subfield code="2">ddc</subfield>
    <subfield code="4">0</subfield>
    <subfield code="7">0</subfield>
    <subfield code="0">0</subfield>
    <subfield code="a">CBEML</subfield>
    <subfield code="b">CBEML</subfield>
    <subfield code="c">REF</subfield>
    <subfield code="d">2010-05-28</subfield>
    <subfield code="g">27272.00</subfield>
  </datafield>
  <datafield tag="952" ind1=" " ind2=" ">
    <subfield code="r">2025-06-09 09:35:52</subfield>
    <subfield code="l">0</subfield>
    <subfield code="o">REF 338.003 BUS</subfield>
    <subfield code="p">00000011652</subfield>
    <subfield code="v">81816.00</subfield>
    <subfield code="w">2025-06-09</subfield>
    <subfield code="y">BKS</subfield>
    <subfield code="1">0</subfield>
    <subfield code="2">ddc</subfield>
    <subfield code="4">0</subfield>
    <subfield code="7">0</subfield>
    <subfield code="0">0</subfield>
    <subfield code="a">CBEML</subfield>
    <subfield code="b">CBEML</subfield>
    <subfield code="c">REF</subfield>
    <subfield code="d">2010-05-28</subfield>
    <subfield code="g">27272.00</subfield>
  </datafield>
  <datafield tag="952" ind1=" " ind2=" ">
    <subfield code="r">2025-06-09 09:35:52</subfield>
    <subfield code="l">0</subfield>
    <subfield code="o">REF 338.003 BUS</subfield>
    <subfield code="p">00000011653</subfield>
    <subfield code="v">81816.00</subfield>
    <subfield code="w">2025-06-09</subfield>
    <subfield code="y">BKS</subfield>
    <subfield code="1">0</subfield>
    <subfield code="2">ddc</subfield>
    <subfield code="4">0</subfield>
    <subfield code="7">0</subfield>
    <subfield code="0">0</subfield>
    <subfield code="a">CBEML</subfield>
    <subfield code="b">CBEML</subfield>
    <subfield code="c">REF</subfield>
    <subfield code="d">2010-05-28</subfield>
    <subfield code="g">27272.00</subfield>
  </datafield>
  <datafield tag="952" ind1=" " ind2=" ">
    <subfield code="r">2025-06-09 09:35:52</subfield>
    <subfield code="l">0</subfield>
    <subfield code="o">REF 338.003 BUS</subfield>
    <subfield code="p">00000011654</subfield>
    <subfield code="v">81816.00</subfield>
    <subfield code="w">2025-06-09</subfield>
    <subfield code="y">BKS</subfield>
    <subfield code="1">0</subfield>
    <subfield code="2">ddc</subfield>
    <subfield code="4">0</subfield>
    <subfield code="7">0</subfield>
    <subfield code="0">0</subfield>
    <subfield code="a">CBEML</subfield>
    <subfield code="b">CBEML</subfield>
    <subfield code="c">REF</subfield>
    <subfield code="d">2010-05-28</subfield>
    <subfield code="g">27272.00</subfield>
  </datafield>
  <datafield tag="952" ind1=" " ind2=" ">
    <subfield code="r">2025-06-09 09:35:52</subfield>
    <subfield code="l">0</subfield>
    <subfield code="o">REF 338.003 BUS</subfield>
    <subfield code="p">00000011655</subfield>
    <subfield code="v">81816.00</subfield>
    <subfield code="w">2025-06-09</subfield>
    <subfield code="y">BKS</subfield>
    <subfield code="1">0</subfield>
    <subfield code="2">ddc</subfield>
    <subfield code="4">0</subfield>
    <subfield code="7">0</subfield>
    <subfield code="0">0</subfield>
    <subfield code="a">CBEML</subfield>
    <subfield code="b">CBEML</subfield>
    <subfield code="c">REF</subfield>
    <subfield code="d">2010-05-28</subfield>
    <subfield code="g">27272.00</subfield>
  </datafield>
  <datafield tag="952" ind1=" " ind2=" ">
    <subfield code="r">2025-06-09 09:35:52</subfield>
    <subfield code="l">0</subfield>
    <subfield code="o">REF 338.003 BUS</subfield>
    <subfield code="p">00000011656</subfield>
    <subfield code="v">81816.00</subfield>
    <subfield code="w">2025-06-09</subfield>
    <subfield code="y">BKS</subfield>
    <subfield code="1">0</subfield>
    <subfield code="2">ddc</subfield>
    <subfield code="4">0</subfield>
    <subfield code="7">0</subfield>
    <subfield code="0">0</subfield>
    <subfield code="a">CBEML</subfield>
    <subfield code="b">CBEML</subfield>
    <subfield code="c">REF</subfield>
    <subfield code="d">2010-05-28</subfield>
    <subfield code="g">27272.00</subfield>
  </datafield>
  <datafield tag="952" ind1=" " ind2=" ">
    <subfield code="r">2025-06-09 09:35:52</subfield>
    <subfield code="l">0</subfield>
    <subfield code="o">REF 338.003 BUS</subfield>
    <subfield code="p">00000011657</subfield>
    <subfield code="v">81816.00</subfield>
    <subfield code="w">2025-06-09</subfield>
    <subfield code="y">BKS</subfield>
    <subfield code="1">0</subfield>
    <subfield code="2">ddc</subfield>
    <subfield code="4">0</subfield>
    <subfield code="7">0</subfield>
    <subfield code="0">0</subfield>
    <subfield code="a">CBEML</subfield>
    <subfield code="b">CBEML</subfield>
    <subfield code="c">REF</subfield>
    <subfield code="d">2010-05-28</subfield>
    <subfield code="g">27272.00</subfield>
  </datafield>
  <datafield tag="952" ind1=" " ind2=" ">
    <subfield code="r">2025-06-09 09:35:52</subfield>
    <subfield code="l">0</subfield>
    <subfield code="o">REF 338.003 BUS</subfield>
    <subfield code="p">00000011658</subfield>
    <subfield code="v">81816.00</subfield>
    <subfield code="w">2025-06-09</subfield>
    <subfield code="y">BKS</subfield>
    <subfield code="1">0</subfield>
    <subfield code="2">ddc</subfield>
    <subfield code="4">0</subfield>
    <subfield code="7">0</subfield>
    <subfield code="0">0</subfield>
    <subfield code="a">CBEML</subfield>
    <subfield code="b">CBEML</subfield>
    <subfield code="c">REF</subfield>
    <subfield code="d">2010-05-28</subfield>
    <subfield code="g">27272.00</subfield>
  </datafield>
  <datafield tag="952" ind1=" " ind2=" ">
    <subfield code="r">2025-06-09 09:35:52</subfield>
    <subfield code="l">0</subfield>
    <subfield code="o">REF 338.003 BUS</subfield>
    <subfield code="p">00000011659</subfield>
    <subfield code="v">81816.00</subfield>
    <subfield code="w">2025-06-09</subfield>
    <subfield code="y">BKS</subfield>
    <subfield code="1">0</subfield>
    <subfield code="2">ddc</subfield>
    <subfield code="4">0</subfield>
    <subfield code="7">0</subfield>
    <subfield code="0">0</subfield>
    <subfield code="a">CBEML</subfield>
    <subfield code="b">CBEML</subfield>
    <subfield code="c">REF</subfield>
    <subfield code="d">2010-05-28</subfield>
    <subfield code="g">27272.00</subfield>
  </datafield>
  <datafield tag="952" ind1=" " ind2=" ">
    <subfield code="r">2025-06-09 09:35:52</subfield>
    <subfield code="l">0</subfield>
    <subfield code="o">REF 338.003 BUS</subfield>
    <subfield code="p">00000011660</subfield>
    <subfield code="v">81816.00</subfield>
    <subfield code="w">2025-06-09</subfield>
    <subfield code="y">BKS</subfield>
    <subfield code="1">0</subfield>
    <subfield code="2">ddc</subfield>
    <subfield code="4">0</subfield>
    <subfield code="7">0</subfield>
    <subfield code="0">0</subfield>
    <subfield code="a">CBEML</subfield>
    <subfield code="b">CBEML</subfield>
    <subfield code="c">REF</subfield>
    <subfield code="d">2010-05-28</subfield>
    <subfield code="g">27272.00</subfield>
  </datafield>
</record>
